000 00541nam a22001817a 4500
999 _c171702
_d171702
005 20201116161802.0
010 _aENG-127498
020 _a9789386473721
_c450.00
035 _aEN-111030
037 _bDBAD/PUB
082 _a954.11
100 _aNehru,Sunanda Ganju
245 _aHope in Despair:
_bstories of courage in Kashmir/
_cSunanda Nehru Ganju
260 _aNew Delhi
_bVitasta
_c2019
270 _a2/15,Ansari Road,Daryaganj
_e110002
_bNew Delhi
300 _a172p.
_c22cm(pbk)
942 _2ddc
_cEN
_h954.11
_mSUN